000 01024cam a22003014a 4500
001 2144359
005 20160428111624.0
008 980911s1999 njua b 000 0 eng
010 _a 98044439
020 _a0136816851
040 _aDLC
_cDLC
_dDLC
042 _apcc
050 0 0 _aQA76.76.O63
_bG53 1999
082 0 0 _a005.4/3
_221
630 0 0 _aUNIX (Computer file)
100 1 _aGlass, Graham.
245 1 0 _aUNIX for programmers and users /
_cGraham Glass, King Ables.
250 _a2nd ed.
260 _aUpper Saddle River, N.J. :
_bPrentice Hall,
_cc1999.
300 _axviii, 622 p. :
_bill. ;
_c24 cm.
504 _aIncludes bibliographical references (p. 611-612)
650 0 _aOperating systems (Computers)
700 1 _aAbles, King.
906 _a7
_bcbc
_corignew
_d1
_eocip
_f19
_gy-gencatlg
942 _2lcc
_cBK
999 _c45918
_d45918